000 00865nas a2200277 4500
001 BR9206021
003 BR-BrBNA
005 20231205092902.0
007 ta
008 230509b bl.|||p| |||| 00| 00por d
040 _aBR-BrBNA
_bpor
_cBiblioteca Nacional de Agricultura
041 _a(Pt)
072 _aM12
100 1 _aVieira, J.P.
100 1 _aScalabrin, C.
245 1 _aMigracao reprodutiva da tainha (Mugil platanus Gunther, 1880)no sul do Brasil
246 1 _aReproductive migration of Mugil platanus Gunther 1880, in southern Brazil
650 _aTAINHA
650 _aREPRODUCAO ANIMAL
650 _aMIGRACAO ANIMAL
650 _aSANTA CATARINA
650 _aRIO GRANDE DO SUL
773 0 _tAtlantica (Brazil)
_xISSN 0102-1656
_g(1991), v. 13(1) p. 131-141
_wBR9206021
909 _a202311
_bLúcia
_c55
_dLúcia Elande
942 _2AGRIS
_n0
_cANA
999 _c134879
_d134879